000 01181nam a2200277 a 4500
999 _c12458
_d12458
001 12458
003 BD-JhCC
005 20220219085954.0
008 220219b20002010bg |||| ||a| 001 0 ben d
020 _a984820326X
035 _a(BD-JhCC)12458
040 _aBD-JhCC
_dBD-JhCC
041 _aBengali
082 _a338.900917671
_bCHA 2010
100 _aচাপার,ড.এম উমর
245 _aইসলাম ও অর্থনৈতিক উন্নয়ন /
_cড.এম উমর চাপার, অনু: ড. মাহমুদ আহমদ,সম্পা:এম জহুরুল ইসলাম,এ কে এম সালেহউদ্দিন।
260 _aঢাকা :
_bবাংলাদেশ ইনস্টিটিউট অব ইসলামিক থ্যট;
_c২০১০.
300 _a168 p. :
_c22 cm.
650 _aIslam---- Economic aspects
_zIslamic countries
650 _aEconomic development
700 _aআহমদ, ড. মাহমুদ
700 _aইসলাম, এম জহুরুল
700 _aসালেহউদ্দিন,এ কে এম
942 _2ddc
_cBK